Controlling finansowy

Gespeichert in:
Bibliographische Detailangaben
1. Verfasser: Blazek, Alfred
Weitere Verfasser: Jehle, Kurt, Deyhle, Albrecht
Format: Buch
Sprache:Polnisch
Veröffentlicht: Gdansk Wydawnictwo Gdanskie 1997
Ausgabe:2. wyd.
Schriftenreihe:akademia controllingu ODITK
Schlagworte:
Tags: Tag hinzufügen
Keine Tags, Fügen Sie das erste Tag hinzu!

MARC

LEADER 00000nam a2200000 4500
001 c117193
005 20221124074501.6
020 |a 83-902930-5-6 
041 0 |a pol 
044 |a PL 
245 1 0 |a Controlling finansowy  |c Alfred Blazek, Kurt Jehle, Albrecht Deyhle 
250 |a 2. wyd. 
264 1 |a Gdansk  |b Wydawnictwo Gdanskie  |c 1997 
300 |a 191 s. 
490 1 |a akademia controllingu  |v ODITK 
830 0 |a akademia controllingu  |v ODITK 
610 2 0 |a kontroling 
610 2 0 |a financie 
610 2 0 |a plánovanie finančné 
610 2 0 |a plánovanie strategické 
610 2 0 |a plánovanie operatívne 
610 2 0 |a controller 
610 2 0 |a bilancie 
610 2 0 |a účtovníctvo 
610 2 0 |a výsledok hospodársky 
610 2 0 |a náklady 
610 2 0 |a výdavky 
610 2 0 |a kapitál 
610 2 0 |a analýzy 
610 2 0 |a majetok 
610 2 0 |a cash flow 
100 1 |a Blazek, Alfred 
700 1 |a Jehle, Kurt 
700 1 |a Deyhle, Albrecht